000 01610cad a22002655a 4500
001 E148746
008 091103s2009 xxk f 000 0 eng d
041 0 _aeng
050 0 4 _a347.41067 $2 18
110 2 _aRoyal Institution of Chartered Surveyors
_bDispute Resolution Faculty
245 0 0 _aSurveyors acting as expert witnesses
_bbriefing and addendum 2009
_h[old edition]
250 _a3rd
260 _aLondon
_bRICS
_cOctober 2009
300 _a10p.
490 0 _aRICS Practice Statement
490 0 _aRICS Guidance Note
520 _aThe 50th amendment to the Civil Procedure Rules (CPR) was recently introduced and amended rules came into force on 1 October (unless otherwise provided in SI 2009 No. 2092). Changes were introduced in a number of areas. RICS has produced a combined briefing and addendum to the "Surveyors acting as expert witnesses" document (see ISBN 9781842194287). The briefing section sets out some of the recent changes to the expert witness provisions of the CPR, and the addendum features amendments that should be read into the published 3rd edition "Surveyors acting as expert witnesses" (RICS practice statement and guidance note).
520 _aSuperseded by 4th edition L158327.
521 _aAdvanced
590 _aKA
651 4 _aUnited Kingdom
690 _aMANAGEMENT-DISPUTE AVOIDANCE, MANAGEMENT AND RESOLUTION-DISPUTE MANAGEMENT AND RESOLUTION-EXPERT WITNESSES
856 _uhttps://www.rics.org/profession-standards/knowledge-and-information-services/document-delivery-and-other-kis-fees
_zPlease email [email protected] for a copy
942 _n0
_2ddc
999 _c110203
_d110203